000 00598nam a2200205Ia 4500
003 GCL
008 140319s9999 xx 000 0 ara d
040 _aGCL /
_cGCL
082 0 4 _a708
_bا م
100 1 _aاحمد ممدوح حمدى
245 1 0 _aمعدات التجميل بمتحف الفن الاسلامى /
_cاحمد ممدوح حمدى
260 _a[S.N] :
_bدار الكتب المصرية ،
_c1959
300 _a150 ص
490 _a
650 0 4 _aمصر
650 0 4 _aتاريخ
650 0 4 _aالاثار الاسلامية
650 0 4 _aالمتاحف
942 _2ddc
_cBK
999 _c58634
_d58634